Panorama de la litterature contemporaine.

Bibliographic Details
Main Author: Faÿ, Bernard, 1893-1978
Format: Book
Language:French
Published: Paris : Rodier, [1925]

MARC

Tag First Indicator Second Indicator Subfields
LEADER 00000cam a2200000 4500
001 in00000022865
005 20151007064155.0
008 800705s1925 fr 00000 fre d
035 |a (OCoLC)06484842 
035 |9 AAD9228AM 
040 |a TXA  |c TXA  |d UtOrBLW 
049 |a TXAM  |c [40913] 
090 |a PQ305  |b .F3 1925 
092 |a 840.9  |b F28p 
100 1 |a Faÿ, Bernard,  |d 1893-1978. 
245 1 0 |a Panorama de la litterature contemporaine. 
264 1 |a Paris :  |b Rodier,  |c [1925] 
264 4 |c [©1925] 
300 |a 269 pages 
336 |a text  |b txt  |2 rdacontent 
337 |a unmediated  |b n  |2 rdamedia 
338 |a volume  |b nc  |2 rdacarrier 
999 |a MARS 
999 f f |s 5b5d39f6-2195-37f3-9fa2-23411bd666f2  |i 3f65d13c-40ad-375e-a19e-d35a360c7fb9  |t 0 
952 f f |p ric  |a Texas A&M University  |b Rellis Campus  |c Joint Library Facility  |d Remote Storage  |t 0  |e PQ305 .F3 1925  |h Library of Congress classification  |i unmediated -- volume  |m A14801362185 
998 f f |a PQ305 .F3 1925  |t 0  |l Remote Storage